部首为门/冂的常见中文汉字 Common Chinese characters with the radical “Door” - Statistics

General Stats
  • This quiz has been taken 23 times
  • The average score is 19 of 54
Answer Stats
拼音首字母 笔画数 汉字 % Correct
m 3
95%
s 4
76%
w 6
76%
x 7
71%
y 7
71%
ɡ 4
62%
m 7
62%
r 7
62%
j 7
57%
s 5
57%
y 11
57%
f 9
52%
l 9
52%
m 9
52%
h 13
48%
k 12
48%
b 6
43%
ɡ 9
43%
m 7
43%
w 9
43%
y 11
43%
z 8
43%
c 6
38%
w 6
38%
ɡ 9
33%
w 8
33%
c 11
29%
h 11
29%
l 12
29%
q 13
29%
e 11
24%
l 10
24%
n 8
24%
q 12
24%
t 9
24%
w 7
24%
h 7
19%
h 9
19%
k 7
19%
y 10
19%
y 11
19%
k 14
14%
n 4
14%
q 12
14%
t 13
14%
c 11
10%
j 10
10%
k 10
10%
w 11
10%
m 9
5%
r 5
5%
z 6
5%
m 11
0%
x 11
0%
No matching quizzes found
Score Distribution
Percent of People with Each Score
Percentile by Number Answered
Your Score History
You have not taken this quiz